[Event "VIII Torneo Leonardo di Bona A"]
[Site "Cutro ITA"]
[Date "2002.04.26"]
[Round "4"]
[White "Genocchio, Daniele"]
[Black "De Vreugt, Dennis"]
[Result "1-0"]
[WhiteElo "2326"]
[BlackElo "2457"]
[PlyCount "79"]
[EventDate "2002.04.24"]

1. Nf3 Nf6 2. g3 d5 3. c4 c6 4. b3 Bg4 5. Bg2 Bxf3 6. Bxf3 e5 7. O-O h5 8. d3
h4 9. Bb2 hxg3 10. hxg3 Qd7 11. Qd2 Qf5 12. Qe3 Nbd7 13. cxd5 cxd5 14. Rc1 g6
15. Ba3 d4 16. Qd2 Bxa3 17. Nxa3 Kf8 18. Nb5 Kg7 19. Nd6 Qh3 20. Bg2 Qh2+ 21.
Kf1 Rh5 22. Rc8 Rxc8 23. Nxc8 Ng4 24. Nd6 Ndf6 25. Qe1 Ne3+ 26. fxe3 Ng4 27.
exd4 exd4 28. e4 Ne3+ 29. Ke2 Qxg2+ 30. Qf2 Qxf2+ 31. Kxf2 Rh2+ 32. Kf3 b6 33.
e5 Nd5 34. Ke4 Nb4 35. Rf1 f5+ 36. exf6+ Kf8 37. Ke5 Re2+ 38. Kxd4 Rxa2 39. Ne4
Re2 40. f7 1-0

[Event "VIII Torneo Leonardo di Bona A"]
[Site "Cutro ITA"]
[Date "2002.04.26"]
[Round "4"]
[White "Isonzo, David"]
[Black "Scerbo, Antonio"]
[Result "1-0"]
[WhiteElo "2360"]
[BlackElo "2091"]
[PlyCount "85"]
[EventDate "2002.04.24"]

1. e4 c5 2. Nf3 Nc6 3. d4 cxd4 4. Nxd4 Nf6 5. Nc3 e5 6. Ndb5 d6 7. Bg5 a6 8.
Na3 b5 9. Bxf6 gxf6 10. Nd5 Bg7 11. Bd3 Ne7 12. Nxe7 Qxe7 13. c4 f5 14. O-O Bb7
15. Qf3 bxc4 16. Nxc4 fxe4 17. Bxe4 Bxe4 18. Qxe4 O-O 19. Rad1 Rab8 20. b3 Rfd8
21. Ne3 Qe6 22. Rd3 a5 23. Nd5 f5 24. Qxf5 Qxf5 25. Ne7+ Kf7 26. Nxf5 d5 27.
Rc1 e4 28. Rdd1 Be5 29. g3 d4 30. Re1 Ke6 31. g4 Rbc8 32. Rcd1 d3 33. Rxe4 d2
34. f4 Rc1 35. Rxe5+ Kf6 36. Ne3 Rd3 37. Kf2 Rxe3 38. Rf5+ Ke6 39. Rxd2 Rh3 40.
Kg2 Re3 41. Rxa5 Rc6 42. Rh5 Rc7 43. Rh6+ 1-0

[Event "VIII Torneo Leonardo di Bona A"]
[Site "Cutro ITA"]
[Date "2002.04.26"]
[Round "4"]
[White "Janev, Evgeni"]
[Black "Starostits, Ilmars"]
[Result "1/2-1/2"]
[WhiteElo "2521"]
[BlackElo "2438"]
[PlyCount "156"]
[EventDate "2002.04.24"]

1. e4 c5 2. Nf3 d6 3. d4 cxd4 4. Nxd4 Nf6 5. Nc3 g6 6. g3 Nc6 7. Nde2 Bg7 8.
Bg2 O-O 9. O-O Bg4 10. h3 Bd7 11. a4 Rc8 12. Be3 Qa5 13. Nd5 Qa6 14. c3 Nxd5
15. exd5 Na5 16. Bd4 Bxd4 17. Nxd4 Qb6 18. Rb1 a6 19. Re1 Rfe8 20. Kh2 Qc7 21.
f4 e5 22. dxe6 fxe6 23. Nf3 Rcd8 24. Ng5 d5 25. h4 Qd6 26. b3 Bc8 27. Rb2 Nc6
28. Rd2 Qf8 29. b4 Qf6 30. Qb3 Kg7 31. b5 Na5 32. Qc2 axb5 33. axb5 Nc4 34.
Rde2 b6 35. Bh3 Rd6 36. Nf3 Rdd8 37. Ne5 Nxe5 38. Rxe5 Kf7 39. Qf2 Rd6 40. Qd4
Qd8 41. f5 Bd7 42. fxg6+ hxg6 43. c4 Kg8 44. cxd5 Qf6 45. Bg2 Rc8 46. Rf1 Qg7
47. Qf4 Rf8 48. Qg5 Rxf1 49. Bxf1 Rxd5 50. Rxd5 exd5 51. Qxd5+ Qf7 52. Qd3 Qf5
53. Qe2 Kf7 54. Qa2+ Ke7 55. Qe2+ Kf7 56. Kg1 Qc5+ 57. Qf2+ Qxf2+ 58. Kxf2 Kf6
59. Kf3 Ke5 60. Ke3 Be8 61. Be2 Bf7 62. g4 Be8 63. Bd3 Bd7 64. g5 Be8 65. Bc4
Kf5 66. Kd4 Kg4 67. Ke5 Kxh4 68. Kf6 Kg4 69. Bf1 Kh5 70. Be2+ Kh4 71. Bc4 Kg4
72. Bd3 Kh5 73. Bc4 Kg4 74. Bd3 Kh5 75. Bc2 Bxb5 76. Bxg6+ Kh4 77. Bf7 Bd3 78.
Be6 b5 1/2-1/2

[Event "VIII Torneo Leonardo di Bona A"]
[Site "Cutro ITA"]
[Date "2002.04.26"]
[Round "4"]
[White "Jonkman, Harmen"]
[Black "Korneev, Oleg"]
[Result "0-1"]
[WhiteElo "2520"]
[BlackElo "2599"]
[PlyCount "144"]
[EventDate "2002.04.24"]

1. e4 e5 2. Nf3 Nc6 3. Nc3 Nf6 4. Bb5 Nd4 5. Bc4 d6 6. h3 Be7 7. d3 O-O 8. Be3
c5 9. Bg5 Nxe4 10. Bxe7 Nxc3 11. Bxd8 Nxd1 12. Bc7 Nxb2 13. Bb3 Nb5 14. Ba5 b6
15. Bd2 c4 16. dxc4 Na3 17. Bb4 Nbxc4 18. O-O-O Bf5 19. Rxd6 Nxc2 20. Bxc4 Nxb4
21. Nxe5 Rac8 22. Kb2 Be6 23. Bxe6 fxe6 24. f3 Rc5 25. Nd7 Rc2+ 26. Kb3 Rf4 27.
a3 Rc6 28. Rhd1 Rxd6 29. Rxd6 Na6 30. Kc3 h5 31. Rxe6 Ra4 32. Kb2 Rd4 33. Ne5
Rd2+ 34. Kc3 Rxg2 35. Re7 Re2 36. f4 Re3+ 37. Kd4 Rxh3 38. Rxa7 Rxa3 39. f5
Ra4+ 40. Ke3 Nc5 41. Rxa4 Nxa4 42. Kf4 b5 43. Nc6 Nb6 44. Kg5 Nd5 45. Kxh5 b4
46. Nd4 Kf7 47. Kg5 Nb6 48. Nb3 Nc4 49. Kf4 Kf6 50. Nc5 Nd6 51. Nd7+ Ke7 52.
Nc5 Nb7 53. Nb3 Kd6 54. Kg5 Kd5 55. Kg6 Kc4 56. Nc1 Nd6 57. Kg5 Ne4+ 58. Kg6
Ng3 59. Kg5 Ne2 60. Nxe2 b3 61. Kg6 b2 62. Kxg7 b1=Q 63. f6 Qa1 64. Nf4 Kc5 65.
Ng6 Kd6 66. Kf7 Qd4 67. Kg7 Ke6 68. Nf8+ Kf5 69. Nh7 Qg4+ 70. Kh8 Qg6 71. f7
Qxf7 72. Nf6 Qxf6+ 0-1

[Event "VIII Torneo Leonardo di Bona A"]
[Site "Cutro ITA"]
[Date "2002.04.26"]
[Round "4"]
[White "Pegorari, Pietro"]
[Black "Artizzu, Giulio"]
[Result "1-0"]
[WhiteElo "2386"]
[BlackElo "2129"]
[PlyCount "83"]
[EventDate "2002.04.24"]

1. c4 Nf6 2. Nc3 g6 3. g3 Bg7 4. Bg2 O-O 5. e3 d6 6. Nge2 c6 7. O-O Qc7 8. d4
e5 9. b3 Nbd7 10. Bb2 a6 11. Rc1 Re8 12. Qc2 b6 13. Na4 Bb7 14. Rfd1 exd4 15.
exd4 c5 16. Bxb7 Qxb7 17. d5 b5 18. Nac3 Ne5 19. cxb5 axb5 20. a4 Qd7 21. Kg2
Bh6 22. Rb1 Qg4 23. Ng1 bxa4 24. bxa4 Nc4 25. h3 Qd7 26. Bc1 Bg7 27. Nf3 Re7
28. Nd2 Nxd2 29. Bxd2 Qf5 30. Qxf5 gxf5 31. Bf4 Ne8 32. Nb5 Rxa4 33. Nxd6 Ra2
34. Nxf5 Ree2 35. Be3 Bf8 36. Re1 Rxe1 37. Rxe1 Nd6 38. Bxc5 Nxf5 39. Re8 Ne3+
40. Bxe3 Kg7 41. Bd4+ f6 42. Re6 1-0

[Event "VIII Torneo Leonardo di Bona A"]
[Site "Cutro ITA"]
[Date "2002.04.26"]
[Round "4"]
[White "Van Hoolandt, Patrick"]
[Black "Abatino, Maurizio"]
[Result "1/2-1/2"]
[WhiteElo "2157"]
[BlackElo "2225"]
[PlyCount "80"]
[EventDate "2002.04.24"]

1. c4 Nf6 2. Nf3 e6 3. g3 b6 4. Bg2 Bb7 5. O-O Be7 6. b3 d5 7. Bb2 O-O 8. e3 c5
9. Qe2 Nbd7 10. Nc3 Qc7 11. Rac1 Rad8 12. cxd5 Nxd5 13. Nxd5 Bxd5 14. e4 Bb7
15. d4 Qb8 16. Rfd1 Rfe8 17. h3 Qa8 18. Ne1 cxd4 19. Bxd4 Nc5 20. f3 a5 21. Kh2
Qb8 22. Qb2 f6 23. Bf1 Bd6 24. Bf2 Kh8 25. Bb5 Rf8 26. Nd3 Nxd3 27. Bxd3 Ba8
28. Bc4 f5 29. Bxe6 fxe4 30. f4 Be7 31. Be3 Bf6 32. Qf2 Rxd1 33. Rxd1 b5 34.
Bb6 a4 35. Qe3 axb3 36. axb3 Qe8 37. Bc5 Be7 38. Bd7 Qh5 39. Bxe7 Qxd1 40. Bxf8
Qxd7 1/2-1/2

[Event "VIII Torneo Leonardo di Bona A"]
[Site "Cutro ITA"]
[Date "2002.04.27"]
[Round "5"]
[White "Abatino, Maurizio"]
[Black "Todorov, Ognjan"]
[Result "0-1"]
[WhiteElo "2225"]
[BlackElo "2381"]
[PlyCount "54"]
[EventDate "2002.04.24"]

1. d4 d5 2. c4 dxc4 3. e3 Nf6 4. Bxc4 e6 5. Nf3 c5 6. O-O Nc6 7. Qe2 cxd4 8.
Rd1 Be7 9. exd4 Na5 10. Bd3 O-O 11. Nc3 b6 12. Bg5 Bb7 13. Rac1 Rc8 14. Ne5 Nd5
15. Bxe7 Qxe7 16. Qg4 f5 17. Qg3 Rfd8 18. Re1 Qb4 19. Qh4 Nf6 20. Ne2 Qxb2 21.
Qg5 Rxc1 22. Rxc1 Rc8 23. Rxc8+ Bxc8 24. h4 Qxa2 25. Qc1 Bd7 26. Qc7 Be8 27.
Bb5 Qb1+ 0-1

[Event "VIII Torneo Leonardo di Bona A"]
[Site "Cutro ITA"]
[Date "2002.04.27"]
[Round "5"]
[White "Artizzu, Giulio"]
[Black "Scerbo, Antonio"]
[Result "1-0"]
[WhiteElo "2129"]
[BlackElo "2091"]
[PlyCount "69"]
[EventDate "2002.04.24"]

1. e4 c5 2. Nf3 Nc6 3. Bb5 g6 4. O-O Bg7 5. Re1 e5 6. c3 Nge7 7. d3 O-O 8. Be3
Qb6 9. Na3 d5 10. Bxc6 bxc6 11. b4 d4 12. Nc4 Qc7 13. cxd4 cxd4 14. Bd2 Ba6 15.
Rc1 Rac8 16. Qb3 Qb8 17. a4 Kh8 18. Na3 Qd6 19. b5 cxb5 20. axb5 Bb7 21. Bb4
Qd7 22. Ng5 Kg8 23. Nc4 h6 24. Nf3 Qe6 25. Qa3 Rc7 26. Ncxe5 Bxe5 27. Nxe5 Rxc1
28. Rxc1 Qxe5 29. Bxe7 Re8 30. Bd6 Qxb5 31. Qxa7 Ra8 32. Qxd4 Ba6 33. h3 Qxd3
34. Qf6 Qd2 35. Rc7 1-0

[Event "VIII Torneo Leonardo di Bona A"]
[Site "Cutro ITA"]
[Date "2002.04.27"]
[Round "5"]
[White "Blasco, Domenico"]
[Black "Van Hoolandt, Patrick"]
[Result "0-1"]
[WhiteElo "2037"]
[BlackElo "2157"]
[PlyCount "100"]
[EventDate "2002.04.24"]

1. d4 Nf6 2. e3 c5 3. c3 e6 4. Bd3 Nc6 5. Nd2 b6 6. Ngf3 Be7 7. O-O Bb7 8. Qe2
O-O 9. Rd1 Qc8 10. Nf1 Rd8 11. Ng3 d5 12. Ng5 g6 13. f4 Bf8 14. Bd2 Bg7 15. h4
Ne7 16. h5 Nf5 17. Nxf5 exf5 18. hxg6 hxg6 19. Nf3 Ne4 20. Ne5 Qe6 21. Rac1
Rac8 22. Be1 Bf6 23. Ba6 Bxa6 24. Qxa6 Rc7 25. a4 Kg7 26. a5 Rh8 27. axb6 axb6
28. c4 dxc4 29. Qxc4 Qc8 30. d5 Nd6 31. Qa2 Qe8 32. Bc3 b5 33. b4 c4 34. Bd4
Qa8 35. Ra1 Qg8 36. Qa5 Rc8 37. Qa6 Rd8 38. Bc5 Ne4 39. Qa7 Qh7 40. Qxf7+ Kh6
41. Qxf6 Nxf6 42. Kf2 Ng4+ 43. Kf3 Nxe5+ 44. fxe5 Kg5 45. Rh1 Qb7 46. Rhe1
Qxd5+ 47. e4 Qxe5 48. Ra7 Rd3+ 49. Kf2 Qg3+ 50. Kf1 Rh1+ 0-1

[Event "VIII Torneo Leonardo di Bona A"]
[Site "Cutro ITA"]
[Date "2002.04.27"]
[Round "5"]
[White "Calzetta Ruiz, Monica"]
[Black "Aleksic, Nenad"]
[Result "0-1"]
[WhiteElo "2278"]
[BlackElo "2381"]
[PlyCount "68"]
[EventDate "2002.04.24"]

1. e4 c5 2. Nf3 d6 3. d4 cxd4 4. Nxd4 Nf6 5. Nc3 a6 6. Be3 e6 7. f3 b5 8. Qd2
Nbd7 9. g4 Nb6 10. O-O-O Bb7 11. Bd3 Rc8 12. Kb1 Nfd7 13. f4 Nc5 14. Rhe1 Be7
15. f5 e5 16. f6 Bxf6 17. Nf5 O-O 18. g5 Be7 19. Qg2 Qd7 20. Rf1 Kh8 21. Be2
Qc7 22. Bxc5 dxc5 23. Rd3 g6 24. Nh6 f5 25. gxf6 Bxf6 26. Bg4 Rce8 27. Rdf3 Qe7
28. Qf2 Kg7 29. h4 Kxh6 30. Rxf6 Kg7 31. Rf3 b4 32. Nd5 Nxd5 33. exd5 Bxd5 34.
Rxf8 Rxf8 0-1

[Event "VIII Torneo Leonardo di Bona A"]
[Site "Cutro ITA"]
[Date "2002.04.27"]
[Round "5"]
[White "Chatalbashev, Boris"]
[Black "Bagaturov, Giorgi"]
[Result "1-0"]
[WhiteElo "2537"]
[BlackElo "2434"]
[PlyCount "125"]
[EventDate "2002.04.24"]

1. d4 Nf6 2. c4 e6 3. Nf3 b6 4. e3 Bb7 5. Nc3 d5 6. Bd3 Bd6 7. O-O O-O 8. b3 a6
9. Bb2 Nbd7 10. Rc1 Qe7 11. Na4 dxc4 12. bxc4 c5 13. Ne5 cxd4 14. exd4 Rfd8 15.
Nxd7 Nxd7 16. Qg4 Nf6 17. Qh3 b5 18. Nc5 bxc4 19. Rxc4 Bd5 20. Rc2 h6 21. a4 a5
22. Re1 Rac8 23. Bc3 Ra8 24. Bd2 Nd7 25. Rec1 Nf8 26. Qe3 Qh4 27. g3 Qe7 28.
Qe1 Qf6 29. Qe3 Qe7 30. h4 Nd7 31. Ne4 Bb3 32. Rc6 Ba3 33. Ra1 Bxa4 34. Rc7 Bb3
35. Bb5 Bd6 36. Rxd7 Rxd7 37. Bxd7 a4 38. Bc6 Ra6 39. Bb5 Ra8 40. Nxd6 Qxd6 41.
Qc3 Qd8 42. Qb4 Qd5 43. Qc5 Qd8 44. Qb4 Qd5 45. Rc1 Rb8 46. Bc6 Rxb4 47. Bxd5
Rxd4 48. Bxb3 axb3 49. Bc3 Rc4 50. Bb2 Rxc1+ 51. Bxc1 h5 52. Kg2 Kh7 53. Kf3 f6
54. Ke4 g5 55. f4 Kg6 56. hxg5 fxg5 57. fxg5 b2 58. Bxb2 Kxg5 59. Kf3 Kf5 60.
Ba3 Kg5 61. Be7+ Kf5 62. Bh4 Ke5 63. Ke3 1-0

[Event "VIII Torneo Leonardo di Bona A"]
[Site "Cutro ITA"]
[Date "2002.04.27"]
[Round "5"]
[White "Contin, Daniel"]
[Black "Ristic, Nenad"]
[Result "0-1"]
[WhiteElo "2338"]
[BlackElo "2464"]
[PlyCount "98"]
[EventDate "2002.04.24"]

1. c4 c5 2. Nc3 Nc6 3. g3 g6 4. Bg2 Bg7 5. e3 e5 6. Nge2 Nge7 7. d3 O-O 8. Qd2
d6 9. Rb1 Be6 10. Nd5 Rb8 11. b3 Qd7 12. Nec3 Bh3 13. O-O Bxg2 14. Kxg2 f5 15.
f4 Rbe8 16. Bb2 Nxd5 17. cxd5 Ne7 18. Rbe1 Bh6 19. Kh1 g5 20. Qg2 Rf6 21. fxe5
dxe5 22. Ne4 Rf7 23. Nxc5 Qxd5 24. Nxb7 e4 25. dxe4 Qxb7 26. exf5 Qxg2+ 27.
Kxg2 Rxf5 28. Rxf5 Nxf5 29. e4 Bg7 30. Bxg7 Kxg7 31. Kh3 Nd6 32. Rd1 Nxe4 33.
Rd7+ Kg6 34. Rxa7 Nf6 35. Kg2 Re2+ 36. Kf3 Rxh2 37. b4 Rb2 38. a3 Rb3+ 39. Kg2
h5 40. Ra6 Kf5 41. Ra5+ Kg4 42. b5 Rb2+ 43. Kf1 Kxg3 44. b6 g4 45. Ra6 Nd5 46.
Ra5 Ne3+ 47. Ke1 Kf3 48. Rf5+ Nxf5 49. b7 Rxb7 0-1

[Event "VIII Torneo Leonardo di Bona A"]
[Site "Cutro ITA"]
[Date "2002.04.27"]
[Round "5"]
[White "Djuric, Stefan"]
[Black "Efimov, Igor"]
[Result "1-0"]
[WhiteElo "2489"]
[BlackElo "2446"]
[PlyCount "63"]
[EventDate "2002.04.24"]

1. c4 Nf6 2. Nc3 e6 3. d4 d5 4. Bg5 Bb4 5. Qa4+ Nc6 6. cxd5 exd5 7. e3 h6 8.
Bxf6 Qxf6 9. Rc1 O-O 10. a3 Bxc3+ 11. Rxc3 Re8 12. Nf3 Bg4 13. Be2 Bxf3 14.
gxf3 Re6 15. f4 Rae8 16. Bg4 Re4 17. Kf1 Nxd4 18. exd4 c6 19. Rg3 Rxf4 20. Qc2
Ree4 21. h3 h5 22. Bxh5 Qh4 23. Bf3 Qxg3 24. fxg3 Rxf3+ 25. Kg2 Ree3 26. Qd1
Rxg3+ 27. Kf2 g6 28. h4 Kh7 29. h5 g5 30. Rg1 Rd3 31. Qe2 Rh3 32. Qe5 1-0

[Event "VIII Torneo Leonardo di Bona A"]
[Site "Cutro ITA"]
[Date "2002.04.27"]
[Round "5"]
[White "Estremera Panos, Sergio"]
[Black "Pegorari, Pietro"]
[Result "1-0"]
[WhiteElo "2377"]
[BlackElo "2386"]
[PlyCount "53"]
[EventDate "2002.04.24"]

1. d4 d5 2. c4 e6 3. Nf3 Nf6 4. Nc3 Nbd7 5. Bg5 c6 6. e3 Qb6 7. Qc2 Ne4 8. Nxe4
dxe4 9. c5 Qa5+ 10. Nd2 f5 11. Be2 b5 12. O-O Be7 13. Bxe7 Kxe7 14. f3 exf3 15.
Bxf3 Bb7 16. e4 f4 17. e5 Qb4 18. Qc3 a5 19. Ne4 Ra7 20. Nd6 Ba8 21. Qd3 Nxc5
22. dxc5 Qxc5+ 23. Kh1 Qxe5 24. Rad1 c5 25. Nxb5 Bxf3 26. Nxa7 Bxd1 27. Nc6+
1-0

[Event "VIII Torneo Leonardo di Bona A"]
[Site "Cutro ITA"]
[Date "2002.04.27"]
[Round "5"]
[White "Georgiev, Vladimir"]
[Black "Genocchio, Daniele"]
[Result "1-0"]
[WhiteElo "2502"]
[BlackElo "2326"]
[PlyCount "69"]
[EventDate "2002.04.24"]

1. d4 e6 2. c4 Nf6 3. Nc3 Bb4 4. e3 c5 5. Bd3 d5 6. cxd5 Nxd5 7. Bd2 O-O 8. Nf3
cxd4 9. exd4 Nf6 10. O-O b6 11. Bg5 Bb7 12. Re1 Nbd7 13. Bc2 Rc8 14. Qd3 Bxc3
15. bxc3 Qc7 16. Bd2 Qc4 17. Qxc4 Rxc4 18. Bb3 Rcc8 19. c4 Ba6 20. Rac1 b5 21.
c5 Bb7 22. a4 bxa4 23. Bxa4 Bc6 24. Ra1 a6 25. Reb1 Rfe8 26. Bxc6 Rxc6 27. Bf4
Nd5 28. Bd6 f6 29. Rb7 Rd8 30. Ra7 e5 31. Rb1 e4 32. Nd2 Nc3 33. Rbb7 Nf8 34.
Rxg7+ Kh8 35. Bxf8 1-0

[Event "VIII Torneo Leonardo di Bona A"]
[Site "Cutro ITA"]
[Date "2002.04.27"]
[Round "5"]
[White "Ivanov, Jordan"]
[Black "Isonzo, David"]
[Result "1-0"]
[WhiteElo "2411"]
[BlackElo "2360"]
[PlyCount "87"]
[EventDate "2002.04.24"]

1. Nf3 Nf6 2. c4 g6 3. Nc3 Bg7 4. e4 d6 5. d4 O-O 6. h3 e5 7. d5 Na6 8. Bg5 h6
9. Be3 Nc5 10. Nd2 a5 11. Be2 c6 12. a3 Na6 13. b4 c5 14. bxc5 Nxc5 15. Rb1 Kh7
16. Qc2 Nfd7 17. Bg4 h5 18. Bxd7 Nxd7 19. Na4 Bh6 20. Bxh6 Kxh6 21. Qc3 Kg7 22.
O-O Kg8 23. Rb3 Qc7 24. Rfb1 f5 25. Qg3 Kh7 26. Qg5 Qd8 27. Nf3 fxe4 28. Qxd8
Rxd8 29. Ng5+ Kg8 30. Ne6 Rf8 31. Nxf8 Kxf8 32. Nb6 Nxb6 33. Rxb6 Ke7 34. c5
dxc5 35. Rxg6 Ra6 36. Rxa6 bxa6 37. Rb6 Bd7 38. Kf1 Bb5+ 39. Ke1 c4 40. Kd2 a4
41. Kc3 Kf7 42. h4 Ke7 43. Re6+ Kd7 44. Rxe5 1-0

[Event "VIII Torneo Leonardo di Bona A"]
[Site "Cutro ITA"]
[Date "2002.04.27"]
[Round "5"]
[White "Korneev, Oleg"]
[Black "Roeder, Matthias"]
[Result "1-0"]
[WhiteElo "2599"]
[BlackElo "2487"]
[PlyCount "101"]
[EventDate "2002.04.24"]

1. e4 c5 2. Nf3 d6 3. d4 cxd4 4. Nxd4 Nf6 5. Nc3 a6 6. Be3 e5 7. Nb3 Be7 8. f3
Be6 9. Qd2 O-O 10. O-O-O Qc7 11. g4 Nbd7 12. Kb1 b5 13. g5 Nh5 14. Nd5 Bxd5 15.
exd5 Nb6 16. Na5 Nxd5 17. Qxd5 Qxa5 18. c4 Rfc8 19. Bh3 Rcb8 20. c5 dxc5 21.
Qxe5 Bf8 22. Rd7 Re8 23. Qd5 Rxe3 24. Qxa8 Re1+ 25. Rd1 Rxh1 26. Rxh1 Qd2 27.
Bf5 g6 28. Be4 Qxg5 29. Rd1 Kg7 30. Qxa6 c4 31. h4 Qe5 32. Rd6 Qg3 33. Qxb5 Nf6
34. Rd1 Nxe4 35. fxe4 Qg4 36. Qd5 Qxh4 37. Qxc4 Qg4 38. Rf1 Qd7 39. a4 h5 40.
a5 h4 41. a6 Bc5 42. Qd5 Qe7 43. Rf3 g5 44. Rb3 Bg1 45. e5 Qe6 46. Qxe6 fxe6
47. Kc2 Kg6 48. Kd2 g4 49. Ke2 Ba7 50. Rb4 g3 51. Rxh4 1-0

[Event "VIII Torneo Leonardo di Bona A"]
[Site "Cutro ITA"]
[Date "2002.04.27"]
[Round "5"]
[White "Lazic, Miroljub"]
[Black "Zelcic, Robert"]
[Result "0-1"]
[WhiteElo "2474"]
[BlackElo "2547"]
[PlyCount "58"]
[EventDate "2002.04.24"]

1. Nf3 d5 2. b3 Bg4 3. Bb2 Nd7 4. e3 Ngf6 5. Be2 Bxf3 6. Bxf3 e5 7. d3 Bd6 8.
Nd2 Qe7 9. O-O e4 10. Be2 h5 11. dxe4 dxe4 12. Nc4 Bxh2+ 13. Kxh2 Ng4+ 14. Kh3
O-O-O 15. Qd5 Nc5 16. Qf5+ Ne6 17. f4 exf3 18. Bxf3 Kb8 19. Bxg4 hxg4+ 20. Kxg4
Qh4+ 21. Kf3 Rh5 22. Qg4 Ng5+ 23. Kf4 Qh2+ 24. g3 Ne6+ 25. Kf3 f5 26. Qg6 Rg5
27. Qxe6 Rxg3+ 28. Kf4 Rg6+ 29. Kxf5 Qh5+ 0-1

[Event "VIII Torneo Leonardo di Bona A"]
[Site "Cutro ITA"]
[Date "2002.04.27"]
[Round "5"]
[White "Skembris, Spyridon"]
[Black "Jonkman, Harmen"]
[Result "1/2-1/2"]
[WhiteElo "2429"]
[BlackElo "2520"]
[PlyCount "62"]
[EventDate "2002.04.24"]

1. d4 d5 2. c4 dxc4 3. Nf3 e6 4. e3 Nf6 5. Bxc4 c5 6. O-O a6 7. a4 Nc6 8. Nc3
Be7 9. Qe2 cxd4 10. Rd1 e5 11. exd4 exd4 12. Nxd4 Nxd4 13. Qe5 Qd6 14. Qxd6
Bxd6 15. Rxd4 Be5 16. Rh4 O-O 17. Bf4 Bxc3 18. bxc3 Bf5 19. Be5 Rfe8 20. Bxf6
gxf6 21. Bd5 Re7 22. Rb4 Rae8 23. h3 Bc8 24. Rab1 Re1+ 25. Rxe1 Rxe1+ 26. Kh2
Ra1 27. Rc4 Be6 28. Bxe6 fxe6 29. Rb4 a5 30. Rxb7 Rxa4 31. Ra7 Ra2 1/2-1/2

[Event "VIII Torneo Leonardo di Bona A"]
[Site "Cutro ITA"]
[Date "2002.04.28"]
[Round "6"]
[White "Bagaturov, Giorgi"]
[Black "Calzetta Ruiz, Monica"]
[Result "1-0"]
[WhiteElo "2434"]
[BlackElo "2278"]
[PlyCount "77"]
[EventDate "2002.04.24"]

1. d4 Nf6 2. c4 c5 3. d5 b5 4. Qc2 g6 5. e4 Bg7 6. cxb5 Bb7 7. Nc3 O-O 8. Bc4
a6 9. bxa6 Nxa6 10. Nge2 e6 11. O-O Nb4 12. Qd1 Qa5 13. a3 exd5 14. exd5 Rfe8
15. Be3 Na6 16. h3 Ne4 17. Nxe4 Rxe4 18. Qc2 Rae8 19. Ng3 Rh4 20. Rae1 Nc7 21.
Rd1 d6 22. Rfe1 Qa8 23. Qb3 Rxc4 24. Qxc4 Bxd5 25. Qc2 Bxg2 26. Kh2 h5 27. Bg5
Rxe1 28. Rxe1 Bf3 29. Bf4 Ne6 30. Rxe6 fxe6 31. Qxg6 h4 32. Qxe6+ Kh8 33. Nf5
Qf8 34. Bxd6 Qg8 35. Nxg7 Kxg7 36. Be5+ Kf8 37. Qc8+ Kf7 38. Qd7+ Kg6 39. Qd3+
1-0

[Event "VIII Torneo Leonardo di Bona A"]
[Site "Cutro ITA"]
[Date "2002.04.28"]
[Round "6"]
[White "Blasco, Domenico"]
[Black "Artizzu, Giulio"]
[Result "1-0"]
[WhiteElo "2037"]
[BlackElo "2129"]
[PlyCount "123"]
[EventDate "2002.04.24"]

1. d4 Nf6 2. e3 g6 3. Nf3 Bg7 4. c4 O-O 5. Nc3 d6 6. Be2 c6 7. O-O Qc7 8. b3 e5
9. Bb2 Nbd7 10. Rc1 Ne8 11. dxe5 Nxe5 12. Nxe5 dxe5 13. Ba3 c5 14. Qd5 Nf6 15.
Qxc5 Qxc5 16. Bxc5 Re8 17. Nb5 Bd7 18. Nd6 Reb8 19. Bf3 Bc6 20. Bxc6 bxc6 21.
Ba3 a5 22. e4 Nd7 23. c5 Nf8 24. Nc4 Ne6 25. Nb6 Ra7 26. Rfd1 Nd4 27. Kf1 h5
28. Rd3 Rf8 29. Nc4 f5 30. Nd6 h4 31. h3 fxe4 32. Nxe4 Rf4 33. f3 Nf5 34. Rd8+
Kh7 35. Ng5+ Kh6 36. Ne6 Ng3+ 37. Ke1 Rf5 38. Nxg7 Rxg7 39. Bb2 Re7 40. Rh8+
Kg5 41. Rc4 e4 42. Bc1+ Kf6 43. Bb2+ Kg5 44. Kd1 Rd5+ 45. Kc2 e3 46. Rg4+ Kf5
47. Rf8+ Ke6 48. Rxg6+ Kd7 49. Ra8 Rxc5+ 50. Bc3 Nf5 51. Kb2 e2 52. Be1 Rd5 53.
Ra7+ Ke8 54. Rg8+ Kf7 55. Raa8 Rd1 56. Raf8+ Ke6 57. Rg6+ Ke5 58. Bc3+ Rd4 59.
Rxc6 Kd5 60. Ra6 e1=Q 61. Bxe1 Rxe1 62. Rxf5+ 1-0

[Event "VIII Torneo Leonardo di Bona A"]
[Site "Cutro ITA"]
[Date "2002.04.28"]
[Round "6"]
[White "De Vreugt, Dennis"]
[Black "Skembris, Spyridon"]
[Result "1/2-1/2"]
[WhiteElo "2457"]
[BlackElo "2429"]
[PlyCount "51"]
[EventDate "2002.04.24"]

1. e4 e5 2. Nf3 Nc6 3. Bb5 a6 4. Ba4 Nf6 5. O-O Be7 6. Re1 b5 7. Bb3 d6 8. c3
O-O 9. h3 Na5 10. Bc2 c5 11. d4 Nd7 12. a4 Bb7 13. Nbd2 exd4 14. cxd4 Nc6 15.
Nf1 Bf6 16. Be3 Re8 17. Ng3 g6 18. Rc1 Rc8 19. axb5 axb5 20. b3 cxd4 21. Nxd4
Nxd4 22. Bxd4 Be5 23. Bxe5 dxe5 24. Qd3 Bc6 25. Red1 Qe7 26. Qd6 1/2-1/2

[Event "VIII Torneo Leonardo di Bona A"]
[Site "Cutro ITA"]
[Date "2002.04.28"]
[Round "6"]
[White "Del Rio Angelis, Salvador Gabriel"]
[Black "Djuric, Stefan"]
[Result "1-0"]
[WhiteElo "2495"]
[BlackElo "2489"]
[PlyCount "49"]
[EventDate "2002.04.24"]

1. e4 c5 2. Nf3 e6 3. d4 cxd4 4. Nxd4 a6 5. Be2 Nf6 6. Nc3 Bb4 7. O-O Bxc3 8.
bxc3 Nxe4 9. Qd3 d5 10. Ba3 Qa5 11. Bb4 Qa4 12. f3 Nf6 13. Qe3 Nc6 14. Nxc6
Qxc6 15. f4 a5 16. Ba3 Bd7 17. Rab1 Rc8 18. c4 dxc4 19. Bf3 Nd5 20. Bxd5 Qxd5
21. Rfd1 Qc6 22. f5 Qa4 23. Qd4 Rc7 24. Bd6 Bc6 25. Qxg7 1-0

[Event "VIII Torneo Leonardo di Bona A"]
[Site "Cutro ITA"]
[Date "2002.04.28"]
[Round "6"]
[White "Efimov, Igor"]
[Black "Contin, Daniel"]
[Result "1-0"]
[WhiteElo "2446"]
[BlackElo "2338"]
[PlyCount "89"]
[EventDate "2002.04.24"]

1. e4 e6 2. d4 d5 3. Nd2 c5 4. Ngf3 a6 5. dxc5 Bxc5 6. Bd3 Nc6 7. a3 Nf6 8. Qe2
O-O 9. O-O Ba7 10. c4 Kh8 11. b4 dxc4 12. Nxc4 b5 13. Nce5 Nxe5 14. Nxe5 Bb7
15. Bb2 Qe7 16. Rad1 Rfd8 17. Bb1 Kg8 18. Ng4 Nxg4 19. Qxg4 e5 20. Ba2 Bd4 21.
Bxd4 Rxd4 22. Rxd4 exd4 23. Rd1 Rd8 24. f3 Qe5 25. Qg3 Qxg3 26. hxg3 Kf8 27.
Kf1 Ke7 28. Ke2 Kf6 29. Rc1 Rd7 30. Kd3 h5 31. Rc5 g6 32. Bb3 g5 33. f4 gxf4
34. gxf4 Re7 35. Rf5+ Kg6 36. Rg5+ Kh6 37. Re5 Rd7 38. Bd1 h4 39. Rh5+ Kg7 40.
Rxh4 f5 41. exf5 Rc7 42. g4 Rc3+ 43. Kxd4 Rxa3 44. g5 Ra1 45. f6+ 1-0

[Event "VIII Torneo Leonardo di Bona A"]
[Site "Cutro ITA"]
[Date "2002.04.28"]
[Round "6"]
[White "Genocchio, Daniele"]
[Black "Chatalbashev, Boris"]
[Result "0-1"]
[WhiteElo "2326"]
[BlackElo "2537"]
[PlyCount "64"]
[EventDate "2002.04.24"]

1. Nf3 g6 2. g3 Bg7 3. Bg2 e5 4. O-O e4 5. Ne1 Nf6 6. d3 exd3 7. cxd3 O-O 8. e4
c5 9. Nc3 Nc6 10. Nc2 d6 11. h3 Rb8 12. g4 b5 13. g5 Nh5 14. f4 Nd4 15. f5 Nxc2
16. f6 Nxa1 17. Nd5 Re8 18. fxg7 Be6 19. Nf6+ Nxf6 20. gxf6 Bxa2 21. Bf4 Nb3
22. Bg5 Re5 23. Qg4 Nd4 24. Kh1 Qe8 25. h4 Qe6 26. Qg3 Rxg5 27. hxg5 Qe5 28.
Qh4 Ne6 29. Rc1 Qxb2 30. Rg1 Qe2 31. Bh3 Qf3+ 32. Rg2 Nf4 0-1

[Event "VIII Torneo Leonardo di Bona A"]
[Site "Cutro ITA"]
[Date "2002.04.28"]
[Round "6"]
[White "Isonzo, David"]
[Black "Abatino, Maurizio"]
[Result "1/2-1/2"]
[WhiteElo "2360"]
[BlackElo "2225"]
[PlyCount "29"]
[EventDate "2002.04.24"]

1. e4 e6 2. d4 d5 3. Nc3 Bb4 4. e5 c5 5. a3 Bxc3+ 6. bxc3 Qc7 7. Nf3 Nc6 8. Bd2
Bd7 9. Bd3 Nge7 10. O-O c4 11. Be2 f6 12. Re1 Ng6 13. a4 O-O-O 14. Bf1 Rhf8 15.
exf6 1/2-1/2